Statistiques concernant Jeux vidéos très mal résumés #2

Cliquez ici pour prendre le quiz!

Statistiques générales

  • Ce quiz a été pris 1 860 fois
  • Le résultat moyen est 6 sur 15

Statistiques - réponses

DescriptionRéponse% Correct
Hérisson bleu sous coke cours après l'argentSonic
99%
Les gens qui y jouent ne prennent pas de douche et ne connaissent pas la sensation de toucher de l'herbeLeague of Legends
89%
Un chauve surarmé se balade en éliminant ses ciblesHitman
82%
R1 triangle puis R1 rondFifa
74%
Plus de frappes sur la bar que dans les cagesRocket League
49%
Chasser le dragon est ton objectif mais attention aux falaises et à la nuit qui pourraient bien te causer quelques problèmesMinecraft
47%
50 hommes suent sur des cols partout en France et tout ça pour du jaune !Tour de France
39%
Enquête sur un psychopathe proche de chez toiHello Neighbor
37%
Empile sans dépasser la limite, construit une tour la plus petite possibleTetris
37%
Toujours plus haut, précision exigée sinon la marmite reviendra au point de départGetting Over It
29%
Des êtres amorphes font la course de leur vieFall Guys
17%
Retour dans le passé pour se battre avec des engins blindésWorld of tanks
16%
Des questions, des réponses à toi de choisir le thème pour t'amuserJetPunk
15%
protège et attaque, sers toi des incalculables monstres que tu possèdes pour gagnerClash Royale
8%
réparez, enquêtez mais surtout ne vous faites pas couper en deux !Among Us
7%

Distribution des résultats

Percentile par nombre de réponses

% des personnes avec chaque résultat

Votre développement - résultats

Vous n’avez pas pris ce quiz